British Coins - Statistics

General Stats
  • This quiz has been taken 400 times
  • The average score is 8 of 8
Answer Stats
Answer % Correct
Ten Pence
99%
Fifty Pence
98%
Five Pence
98%
One Penny
98%
Twenty Pence
98%
Two Pence
98%
One Pound
97%
Two Pounds
94%
No matching quizzes found
Score Distribution
Percent of People with Each Score
Percentile by Number Answered
Your Score History
You have not taken this quiz